Met Gala 2019 Attendees - Statistics

General Stats
  • This quiz has been taken 7 times
  • The average score is 26 of 243
Answer Stats
Attendees % Correct
Lady Gaga
100%
Kendall Jenner
86%
Kim Kardashian
86%
Kylie Jenner
86%
Anna Wintour
71%
Kanye West
71%
Katy Perry
71%
Kris Jenner
71%
Bella Hadid
57%
Cardi B
57%
Gigi Hadid
57%
Hailey Bieber
57%
Zendaya
57%
Donatella Versace
43%
Dua Lipa
43%
Jennifer Lopez
43%
Nicki Minaj
43%
Serena Williams
43%
Shawn Mendes
43%
Alicia Keys
29%
Ashley Graham
29%
Cara Delevingne
29%
Céline Dion
29%
Dakota Johnson
29%
Emily Blunt
29%
Emma Stone
29%
Gal Gadot
29%
Gwen Stefani
29%
Harry Styles
29%
James Charles
29%
Jared Leto
29%
Joe Jonas
29%
Lily-Rose Depp
29%
Lizzo
29%
Naomi Campbell
29%
Nick Jonas
29%
Priyanka Chopra
29%
21 Savage
14%
Alexa Chung
14%
Alex Rodriguez
14%
Ashley Olsen
14%
Awkwafina
14%
Billy Porter
14%
Charles Melton
14%
Ciara
14%
Cole Sprouse
14%
Danai Gurira
14%
Deepika Padukone
14%
Diane von Furstenberg
14%
Emily Ratajkowski
14%
Emma Roberts
14%
Ezra Miller
14%
Frank Ocean
14%
French Montana
14%
Gemma Chan
14%
Gwyneth Paltrow
14%
Hailee Steinfeld
14%
Janelle Monáe
14%
Kacey Musgraves
14%
Katie Holmes
14%
Kerry Washington
14%
Laverne Cox
14%
Liam Hemsworth
14%
Lili Reinhart
14%
Lily Collins
14%
Liza Koshy
14%
Lupita Nyong'o
14%
Mary-Kate Olsen
14%
Michael B. Jordan
14%
Miley Cyrus
14%
Mindy Kaling
14%
Naomi Scott
14%
Odell Beckham Jr.
14%
Rachel Brosnahan
14%
Regina Hall
14%
Richard Madden
14%
Rosie Huntington-Whiteley
14%
Saoirse Ronan
14%
Sophie Turner
14%
Tiffany Hadish
14%
Tracee Ellis Ross
14%
Winnie Harlow
14%
Yara Shahidi
14%
Zoë Saldaña
14%
Abbey Lee Kershaw
0%
Adwoa Aboah
0%
Alessandro Michele
0%
Alessia Cara
0%
Alexander Skarsgård
0%
Alexi Ashe
0%
Alexis Ohanian
0%
Alicia Quarles
0%
Alicia Vikander
0%
Amber Valletta
0%
Amy Fine Collins
0%
Anderson Paak
0%
Annie Leibovitz
0%
Aquaria
0%
Aurora James
0%
Ava DuVernay
0%
Baz Luhrmann
0%
Bee Carrozzini
0%
Benedict Cumberbatch
0%
Bethann Hardison
0%
Bette Midler
0%
Bevy Smith
0%
Billie Lourd
0%
Bob Mackie
0%
Camila Mendes
0%
Camila Morrone
0%
Candice Swanepoel
0%
Carey Mulligan
0%
Caroline Trentini
0%
Carolyn B. Maloney
0%
Catherine Martin
0%
Charli XCX
0%
Charlotte Casiraghi
0%
Charlotte Gainsbourg
0%
Charlotte Tilbury
0%
Chloë Grace Moretz
0%
Christopher Bailey
0%
Christopher Kane
0%
Colin Kaepernick
0%
Coral Chung
0%
Daniel H. Weiss
0%
Dapper Dan
0%
Darren Criss
0%
Dee Hilfiger
0%
Demi Moore
0%
Derrick Baskin
0%
Desiree Gruber
0%
Dominique Jackson
0%
Doutzen Kroes
0%
Ella Balinska
0%
Elle Fanning
0%
Ephraim Sykes
0%
Florence Welch
0%
Fran Summers
0%
Gabrielle Union
0%
Gisele Bündchen
0%
Halsey
0%
Hamish Bowles
0%
Hari Nef
0%
Hikari Mori
0%
Huma Abedin
0%
Indya Moore
0%
Irina Shayk
0%
Isabelle Boemeke
0%
James Harkness
0%
Janet Mock
0%
Jawan M. Jackson
0%
Jemima Kirke
0%
Jennifer Connelly
0%
Jeremy Pope
0%
Jeremy Scott
0%
Joan Smalls
0%
Joe Gebbia
0%
Jordan Roth
0%
Josephine Skriver
0%
Jourdan Dunn
0%
Julia Garner
0%
Julianne Moore
0%
Karlie Kloss
0%
Kate Moss
0%
Kelela
0%
Keltie Knight
0%
Kerby Jean-Raymond
0%
Kristen Stewart
0%
Kyle MacLachlan
0%
La La Anthony
0%
Lana Condor
0%
Law Roach
0%
Lee Daniels
0%
Lena Dunham
0%
Lena Waithe
0%
Leslie Grossman
0%
Lewis Hamilton
0%
Lilliana Vazquez
0%
Lily Aldridge
0%
Lisa Love
0%
Liu Wen
0%
Lucy Boynton
0%
Madelaine Petsch
0%
Maluma
0%
Mark Ronson
0%
Max Hollein
0%
Misha Nonoo
0%
MJ Rodriguez
0%
Naoki Kobayashi
0%
Natalie Morales
0%
Natasha Lyonne
0%
Nessa Diab
0%
Nichapat Suphap
0%
Nicolas Ghesquière
0%
Nina Dobrev
0%
Nina Hollein
0%
Omari Hardwick
0%
Paloma Elsesser
0%
Patrick Schwarzenegger
0%
Pedro Pascal
0%
Penélope Cruz
0%
Rami Malek
0%
Regina King
0%
Riley Keough
0%
Rita Ora
0%
Ruth Wilson
0%
Ryan Murphy
0%
Salma Hayek
0%
Samuelle Leibovitz
0%
Sandra Jarva Weiss
0%
Sarah Cameron Leibovitz
0%
Sarah Paulson
0%
Sara Sampaio
0%
Seth Meyers
0%
Sienna Miller
0%
Simon Woods
0%
Sinéad Burke
0%
Solange Knowles
0%
Sophie Hunter
0%
Sophie von Haselberg
0%
Stefano Tonchi
0%
Stella Maxwell
0%
Susan Leibovitz
0%
Swizz Beatz
0%
Taron Egerton
0%
Taylor Hill
0%
Tessa Thompson
0%
Thalía
0%
Tom Brady
0%
Tom Ford
0%
Tommy Hilfiger
0%
Tory Burch
0%
Travis Scott
0%
Trevor Noah
0%
Violet Chachki
0%
Wendi Murdoch
0%
Wendy Yu
0%
Whembley Sewell
0%
Zac Posen
0%
No matching quizzes found
Score Distribution
Percent of People with Each Score
Percentile by Number Answered
Your Score History
You have not taken this quiz